Mathematik: Einstellige Zahlen addieren - Statistiken

Allgemein
  • Dieses Quiz wurde 4.753 mal gespielt
    4.662 seit der letzten Aktualisierung
  • Das Durchschnittsergebnis liegt bei 36 aus 40
Antwortstatistiken
Hint Antwort % Korrekt
1+8 9
93%
5+0 5
92%
1+6 7
92%
0+8 8
92%
8+0 8
92%
0+0 0
91%
7+7 14
91%
9+5 14
91%
8+8 16
91%
0+2 2
91%
2+1 3
91%
3+0 3
91%
2+2 4
91%
3+1 4
91%
1+4 5
91%
4+1 5
91%
2+5 7
91%
4+3 7
91%
5+2 7
91%
6+1 7
91%
0+9 9
91%
9+0 9
91%
5+5 10
90%
6+4 10
90%
7+3 10
90%
8+2 10
90%
9+1 10
90%
2+9 11
90%
6+5 11
90%
8+3 11
90%
9+2 11
90%
9+3 12
90%
7+6 13
90%
9+4 13
90%
8+6 14
90%
8+7 15
90%
9+7 16
90%
8+9 17
90%
1+1 2
90%
2+0 2
90%
0+4 4
90%
0+5 5
90%
1+5 6
90%
2+4 6
90%
3+3 6
90%
5+1 6
90%
0+7 7
90%
3+4 7
90%
1+7 8
90%
3+5 8
90%
5+3 8
90%
4+5 9
90%
5+4 9
90%
6+3 9
90%
8+1 9
90%
2+8 10
89%
4+6 10
89%
3+8 11
89%
4+7 11
89%
7+4 11
89%
4+8 12
89%
6+6 12
89%
5+8 13
89%
6+7 13
89%
6+8 14
89%
7+8 15
89%
9+9 18
89%
1+2 3
89%
2+3 5
89%
0+6 6
89%
4+2 6
89%
7+0 7
89%
2+6 8
89%
6+2 8
89%
7+1 8
89%
3+6 9
89%
7+2 9
89%
0+1 1
88%
3+9 12
88%
5+7 12
88%
7+5 12
88%
8+5 13
88%
5+9 14
88%
6+9 15
88%
9+6 15
88%
7+9 16
88%
0+3 3
88%
1+3 4
88%
4+0 4
88%
3+2 5
88%
6+0 6
88%
4+4 8
88%
2+7 9
88%
1+0 1
87%
1+9 10
87%
3+7 10
87%
5+6 11
87%
8+4 12
87%
4+9 13
87%
9+8 17
87%
Keine übereinstimmenden Quizze gefunden
Verteilung der Resultate
Anzahl Personen mit jedem Resultat
Perzentil nach korrekt beantworteten Fragen
Ihre Resultats-Entwicklung
Sie haben dieses Quiz seit der letzten Aktualisierung nicht gespielt